| 000 | 00386nam a22001457a 4500 | ||
|---|---|---|---|
| 999 |
_c15573 _d15573 |
||
| 003 | OSt | ||
| 008 | 190516b ||||| |||| 00| 0 eng d | ||
| 020 | _a9789380235455 | ||
| 082 |
_a363.340954 _bKHA/DI |
||
| 100 |
_aKhanna, B K _94053 |
||
| 245 | _aDisasters : strengthening community mitigation & preparedness | ||
| 260 |
_aNew Delhi _bNew india _c2011 |
||
| 300 | _a283 p. | ||
| 942 | _cBK | ||